Statistiques concernant Dans quel continent se trouvent ces pays ?

Cliquez ici pour prendre le quiz!

Statistiques générales

  • Ce quiz a été pris 372 fois
    (332 depuis la dernière actualisation)
  • Le résultat moyen est 11 sur 12

Statistiques - réponses

QuestionRéponse% Correct
Lequel de ces pays se trouve en Afrique ?Somalie
98%
Lequel de ces pays se trouve en Océanie ?Fidji
96%
Lequel de ces pays se trouve en Europe ?Albanie
95%
Lequel de ces pays se trouve en Europe ?Liechtenstein
95%
Lequel de ces pays se trouve en Asie ?Koweït
93%
Lequel de ces pays se trouve en Amérique ?Belize
92%
Lequel de ces pays se trouve en Afrique ?Eswatini
90%
Lequel de ces pays se trouve en Océanie ?Îles Marshall
88%
Lequel de ces pays se trouve en Europe ?Kosovo
85%
Lequel de ces pays se trouve en Asie ?Timor oriental
82%
Lequel de ces pays se trouve en Asie ?Maldives
79%
Lequel de ces pays se trouve en Amérique ?Trinité-et-Tobago
75%

Distribution des résultats

Percentile par nombre de réponses

% des personnes avec chaque résultat

Votre développement - résultats

Vous n’avez pas pris ce quiz depuis la dernière actualisation